| 000 | 00611nam a2200193Ia 4500 | ||
|---|---|---|---|
| 005 | 20250508164844.0 | ||
| 008 | 008 250505s9999 xx 000 0 hin d | ||
| 037 | _aDissertations | ||
| 040 |
_aFEDL _beng _cFEDL |
||
| 041 |
_ahin _2eng |
||
| 084 |
_a370.954, SAT/DI _qFEDL |
||
| 100 | _aSatyavati | ||
| 245 | 0 | _aSwatantrata pashchat bhartiya shiksha aayog me nidirsth nirdeshan avam pramersh seva sambandhi sanstutiyo ka addhyan" | |
| 260 | _c2007 | ||
| 300 | _a99p. | ||
| 546 | _aM. Ed. Dissertation (Delhi University) | ||
| 942 |
_cDIS _h370.954, SAT/DI |
||
| 999 |
_c1391608 _d1391608 |
||